=LDR 00000nam 2200000 4500 =001 INLIS000000000006997 =005 20130612095051 =008 ***********************************Ind** =035 ##$$0010-061300000006997 =041 ##$$a Ind =082 ##$$a 8x2 =090 ##$$a 8x2, Sam c =100 ##$$a SAMID =245 ##$$a Carita Badak Pamalak, Samid. -- =260 ##$$a 1988 $b Jakarta =300 ##$$a 230 hlm, 21 cm =650 ##$$a Sastra - Sunda